[Event "HCL-A2581"]
[Site "www.playchess.de"]
[Date "2006.02.11"]
[Round "11"]
[White "victorabiodun03"]
[Black "wbaldan"]
[WhiteElo "1357"]
[BlackElo "1344"]
[PlyCount "67"]
[Result "1-0"]

1.e4 c5 2.Nf3 d6 3.d4 cxd4 4.Nxd4 Nf6 5.Nc3 a6 
6.Be2 e5 7.Nb3 Be7 8.Be3 Nbd7 9.O-O O-O 10.f4 b5 
11.f5 Bb7 12.Bf3 Rc8 13.g4 h6 14.Qd2 Nh7 15.Rac1 
Ng5 16.Bg2 Rc4 17.Qd3 Qc7 18.Nd2 Nc5 19.Bxc5 Qxc5+ 
20.Kh1 Rxc3 21.bxc3 Rc8 22.c4 bxc4 23.Qc3 f6 24.h4 
Nf7 25.Rcb1 Nd8 26.Kh2 d5 27.exd5 Bxd5 28.Ne4 Qc6 
29.Rfe1 Nb7 30.Re2 Bd8 31.Rd1 Kf7 32.Qd2 Bxe4 
33.Bxe4 Qc7 34.Qd7+ 1-0

[Event "HCL-B3878"]
[Site "www.playchess.de"]
[Date "2006.02.11"]
[Round "8"]
[White "mnonato"]
[Black "IRONMAIDEN"]
[WhiteElo "1199"]
[BlackElo "1185"]
[PlyCount "43"]
[Result "1-0"]

1.d4 d6 {Hi!}  2.Nf3 Nf6 3.c4 {Hi ! hablas 
espanhol?}  Bf5 {pardon, no senor. English, German 
only.}  4.Nc3 e6 5.Nh4 g6 6.Nxf5 exf5 7.e3 Bg7 
8.Bd3 O-O 9.O-O c6 10.Qb3 b6 11.Qd1 a5 12.b3 c5 
13.Qf3 Na6 14.a3 Nc7 15.Bb2 Ne6 16.Nb5 Qd7 17.d5 
Ng5 18.Qf4 Bh6 19.Qxd6 Qxd6 20.Nxd6 Rad8 21.Nxf5 
Nfe4 22.Nxh6+ 1-0

[Event "HCL-A2504"]
[Site "www.playchess.de"]
[Date "2006.02.11"]
[Round "8"]
[White "Matu"]
[Black "ppadala"]
[WhiteElo "1457"]
[BlackElo "1333"]
[PlyCount "79"]
[Result "1-0"]

1.Nf3 Nf6 2.b3 d5 3.Bb2 Nc6 4.g3 Bf5 5.Bg2 Qd7 
6.O-O O-O-O 7.e3 h6 8.d4 g5 9.Nbd2 g4 10.Ne5 Nxe5 
11.dxe5 Ne4 12.Nxe4 dxe4 13.Qxd7+ Rxd7 14.Rfd1 Bg7 
15.Rxd7 Kxd7 16.Rd1+ Kc8 17.Kf1 h5 18.c4 h4 19.Kg1 
f6 20.exf6 exf6 21.Rd4 hxg3 22.hxg3 Re8 23.Kf1 Bg6 
24.Ke2 f5 25.Rd2 Bxb2 {(offering draw)}  26.Rxb2 
Rd8 27.b4 Bf7 28.c5 b6 29.cxb6 axb6 30.a4 Bc4+ 
31.Ke1 Kb7 32.Bf1 Bxf1 33.Kxf1 Rd1+ 34.Ke2 Ra1 
35.a5 bxa5 36.bxa5+ Ka6 37.Rc2 Kb7 38.Rc5 Ka6 
{(offering draw)}  39.Rxf5 Rxa5 {(offering draw)}  
40.Rf4 1-0

[Event "HCL-A2584"]
[Site "www.playchess.de"]
[Date "2006.02.11"]
[Round "7"]
[White "Sobral"]
[Black "victorabiodun03"]
[WhiteElo "1381"]
[BlackElo "1357"]
[PlyCount "84"]
[Result "0-1"]

1.d4 Nf6 2.Nf3 g6 3.c4 Bg7 4.Nc3 d6 5.e4 O-O 6.Be2 
e5 7.O-O Nc6 8.d5 Ne7 9.Ne1 Ne8 10.Be3 f5 11.f3 f4 
12.Bf2 g5 13.b4 Nf6 14.c5 Ng6 15.Nd3 h5 16.Qe1 g4 
17.Bh4 Nxh4 18.Qxh4 a6 19.a4 Qe8 20.b5 Qg6 21.fxg4 
hxg4 22.Qe1 Nxe4 23.Nxe4 Qxe4 24.Nb2 Qd4+ 25.Kh1 
Qxb2 26.cxd6 cxd6 27.Bd3 f3 28.gxf3 gxf3 29.Qg3 
Qg2+ 30.Qxg2 fxg2+ 31.Kxg2 Bg4 32.Kg3 e4 33.Bxe4 
Bxa1 34.Rxa1 Bf5 35.Bg2 Rac8 36.bxa6 bxa6 37.Ra3 
Rc5 38.Bf1 a5 39.Bb5 Be4 40.h4 Bxd5 41.Rd3 Rf5 
42.Kg4 Re5 0-1

[Event "HCL-A2581"]
[Site "www.playchess.de"]
[Date "2006.02.11"]
[Round "3"]
[White "victorabiodun03"]
[Black "gridguy"]
[WhiteElo "1357"]
[BlackElo "1716"]
[PlyCount "57"]
[Result "1-0"]

1.e4 c5 2.Nf3 d6 3.d4 cxd4 4.Nxd4 Nf6 5.Nc3 Nc6 
6.Be2 g6 7.Be3 Bg7 8.O-O O-O 9.Nb3 Be6 10.Nd4 Nxd4 
11.Bxd4 a6 12.g4 Qc8 13.g5 Ne8 14.Bxg7 Nxg7 15.Rc1 
Bh3 16.Nd5 Qd8 17.Re1 e6 18.Nf6+ Kh8 19.Qd3 Ne8 
20.Qxh3 Nxf6 21.gxf6 Qxf6 22.c3 Rac8 23.Qg3 e5 
24.Rcd1 Rc6 25.Rd5 b5 26.Red1 Rd8 27.b3 Rc5 28.c4 
Rxd5 29.Rxd5 1-0

[Event "HCL-E1544"]
[Site "www.playchess.de"]
[Date "2006.02.11"]
[Round "14"]
[White "Eishockeytorwart"]
[Black "chess50"]
[WhiteElo "1949"]
[BlackElo "2155"]
[PlyCount "91"]
[Result "1-0"]

1.e4 {welcome  from germany}  e5 2.Nf3 Nf6 3.Nxe5 
d6 4.Nf3 Nxe4 5.Be2 Be7 6.O-O O-O 7.d3 Nf6 8.Nc3 
Nc6 9.d4 Bf5 10.d5 Ne5 11.Nd4 Bd7 12.Nf3 a6 13.Be3 
Nfg4 14.Bd4 Bh4 15.Nxe5 Nxe5 16.f4 Ng6 17.f5 Ne5 
18.Ne4 Re8 19.Bc3 f6 20.Bh5 Rf8 21.Qd2 Qe7 22.b3 
Bb5 23.Rf4 Bg5 24.Nxg5 fxg5 25.Rf2 Bd7 26.Raf1 Qf6 
27.Bd4 Be8 28.Be2 Bd7 29.c4 Rae8 30.Bh5 Red8 
31.Be3 h6 32.Bd4 Be8 33.Bg4 Bd7 34.Qc3 Rdb8 35.c5 
Rbd8 36.Be2 Rdb8 37.a3 Rbd8 38.Qb4 Bc8 39.Qc3 Bd7 
40.Kh1 Rdb8 41.Qa5 dxc5 42.Qxc5 Qd6 43.Qc3 Rfe8 
44.f6 gxf6 45.R2xf6 Qe7 46.Bc4 1-0

[Event "HCL-C4120"]
[Site "www.playchess.de"]
[Date "2006.02.11"]
[Round "19"]
[White "aerandir10"]
[Black "Skipper_Robert"]
[WhiteElo "800"]
[BlackElo "991"]
[PlyCount "48"]
[Result "0-1"]

1.e4 {good luck}  e5 {for you too}  2.Nf3 Nc6 3.d4 
f6 4.Bd3 exd4 5.Bb5 Nge7 6.Bxc6 Nxc6 7.Nxd4 Bc5 
8.Be3 d5 9.exd5 Qxd5 10.c3 Qxg2 11.Rf1 Qxh2 12.Nd2 
Bh3 13.N4f3 Qg2 14.Bxc5 O-O-O 15.Bd4 Rhe8+ 16.Qe2 
Rxe2+ 17.Kxe2 Bg4 18.a3 Re8+ 19.Be3 Ne5 20.Rfg1 
Bxf3+ 21.Nxf3 Qxf3+ 22.Kd2 Rd8+ 23.Kc2 Nd3 24.Rg3 
Qe2+ 0-1

[Event "HCL-C4123"]
[Site "www.playchess.de"]
[Date "2006.02.11"]
[Round "15"]
[White "Skipper_Robert"]
[Black "Kelthek"]
[WhiteElo "968"]
[BlackElo "712"]
[PlyCount "43"]
[Result "1-0"]

1.d4 Nc6 2.d5 Nb4 3.a3 Nxd5 4.Qxd5 e6 5.Qf3 d5 
6.e4 Nf6 7.Bg5 Be7 8.Bd3 O-O 9.Nc3 b6 10.Nge2 c5 
11.e5 Nd7 12.Qh3 f5 13.Bxe7 Qxe7 14.g4 Nxe5 
15.gxf5 exf5 16.Nf4 Qg5 17.Ncxd5 c4 18.Be2 b5 
19.O-O-O Bb7 20.Rhg1 Qd8 21.Qg3 Qe8 
22.Qxg7+ 1-0

[Event "HCL-B3858"]
[Site "www.playchess.de"]
[Date "2006.02.11"]
[Round "4"]
[White "evets"]
[Black "djpnola"]
[WhiteElo "1392"]
[BlackElo "1109"]
[PlyCount "81"]
[Result "1-0"]

1.e4 e5 {hello again.}  2.Nf3 Nc6 3.Bb5 a6 4.Ba4 
b5 5.Bb3 Nf6 6.O-O d5 7.exd5 Nd4 8.Nxd4 exd4 
9.Re1+ Be7 10.Qe2 c6 11.dxc6 Qc7 12.d3 Bg4 13.Qe5 
O-O-O 14.Qxe7 Qxe7 15.Rxe7 Rhe8 16.Rxe8 Rxe8 
17.Bd2 Be6 18.Bxe6+ Rxe6 19.Bb4 Rxc6 20.c3 dxc3 
21.Bxc3 b4 22.Be1 Rc1 23.Kf1 Ng4 24.h3 Nh2+ 25.Ke2 
Kd7 26.Bxb4 Rg1 27.g3 g5 28.Bc3 g4 29.h4 Nf3 30.b3 
h5 31.Nd2 Rg2 32.Nxf3 gxf3+ 33.Ke3 f5 34.Rf1 Kd6 
35.Kf4 Ke6 36.a4 Rh2 37.Kxf3 {good game!}  Rh3 
38.Kg2 Rxg3+ 39.fxg3 f4 40.Rxf4 a5 
41.Kf3 1-0

[Event "HCL-E1549"]
[Site "www.playchess.de"]
[Date "2006.02.11"]
[Round "8"]
[White "baggur"]
[Black "Tarrega"]
[WhiteElo "1631"]
[BlackElo "1665"]
[PlyCount "118"]
[Result "0-1"]

1.e4 {hello again}  c5 {howdy and gl}  2.Nf3 e6 
3.d4 cxd4 4.Nxd4 Nc6 5.Nc3 a6 6.Be3 Qc7 7.Be2 Nf6 
8.O-O Bb4 9.f3 O-O 10.Qd3 Ne5 11.Qd2 d5 12.Bd3 
dxe4 13.fxe4 Neg4 14.g3 Nxe3 15.Qxe3 Bc5 16.Kh1 e5 
17.Qg5 exd4 18.Ne2 h6 19.Qd2 Bh3 20.Rxf6 Be7 
21.Rxh6 gxh6 22.Qxh6 Qd7 23.Nf4 Bg4 24.Nd5 Rfc8 
25.Nxe7+ Qxe7 26.e5 f5 27.exf6 Bf3+ 28.Kg1 Qe3+ 
29.Qxe3 dxe3 30.Re1 e2 31.Bxe2 Bxe2 32.Rxe2 Rce8 
33.Rf2 Kf7 34.g4 Re1+ 35.Kg2 Rae8 36.g5 R1e2 37.h4 
Rxf2+ 38.Kxf2 Kg6 39.Kf3 Re1 40.Kf2 Rh1 41.Kg3 b5 
42.Kg4 Rg1+ 43.Kh3 b4 44.Kh2 Rg4 45.Kh3 Rc4 46.c3 
bxc3 47.bxc3 Rxc3+ 48.Kg4 Rc4+ 49.Kg3 a5 50.Kh3 a4 
51.Kg3 a3 52.Kh3 Rc2 53.Kg4 Rxa2 54.h5+ Kf7 55.Kf5 
Rf2+ 56.Ke5 a2 57.g6+ Kg8 58.h6 a1Q+ 59.Ke6 
Qxf6+ 0-1

[Event "HCL-A2516"]
[Site "www.playchess.de"]
[Date "2006.02.11"]
[Round "27"]
[White "schachsky"]
[Black "Wernswig"]
[WhiteElo "1141"]
[BlackElo "1501"]
[PlyCount "67"]
[Result "1-0"]

1.d4 {Schönes Spiel zugewünscht!}  d5 {hallo, ich 
wünsche dir auch ein schönes spiel}  2.Nc3 c6 3.e4 
e6 4.e5 c5 5.Be3 c4 6.b3 b5 7.Nxb5 Qa5+ 8.Bd2 
{oops!}  Qxb5 {warum nicht b5-c3?}  9.a4 {War 
vielleicht doch besser. Habe Ich übersehen, aber 
nach Dxc3 9.Bd2 Db2 10.a3 (a4?) habe Ich den P 
noch immer nicht zurückgewonnen ...., und D ist 
noch nicht gewonnen ....}  Qc6 10.b4 c3 11.Be3 Qc7 
12.b5 Bb4 13.Rb1 a5 14.Nf3 Ne7 15.Bd3 O-O 16.O-O 
f6 17.Bf4 Ng6 18.Bg3 Nd7 19.exf6 Qd8 20.fxg7 Kxg7 
21.Ng5 Qxg5 {was hast du denn da vorgehabt?}  
22.Qe2 {nur was übersehen, so wie üblich -:)}  e5 
23.dxe5 Ngxe5 24.f4 Qe7 25.fxe5 Nb6 26.Qh5 Kg8 
27.Rxf8+ Kxf8 28.Rf1+ Kg8 29.Bxh7+ Qxh7 30.Qe8+ 
Kg7 31.Rf7+ Kh6 32.Bf4+ Kg6 33.Rf8+ {das Ende;das 
hätte Ich doch so doch nicht vermutet. Aber ein 
König im Freifeld, da habe Ich auch keine gute 
Erfahrungen mit ....}  Kg7 {gut gespielt und 
verdient gewonnen, glückwunsch}  34.Qf7+ {Danke 
schön; aber die andere Partie ist wieder für dich, 
schätze Ich so ....}  1-0

[Event "HCL-B3759"]
[Site "www.playchess.de"]
[Date "2006.02.11"]
[Round "8"]
[White "Aggie"]
[Black "bossjos"]
[WhiteElo "1308"]
[BlackElo "1262"]
[PlyCount "109"]
[Result "1-0"]

1.e4 e5 2.Nf3 Nc6 3.Bc4 Nf6 4.d3 d6 5.O-O Be7 6.h3 
O-O 7.Nc3 Na5 8.Nd2 Nxc4 9.Nxc4 Be6 10.Na5 Rb8 
11.Be3 c6 12.b4 c5 13.a3 Qc7 14.Nb5 Qb6 15.Nc3 Qc7 
16.Qd2 h6 17.f4 b6 18.Nb3 exf4 19.Bxf4 Nh5 20.Nb5 
Qd7 21.Nc3 Nxf4 22.Qxf4 Bf6 23.Qd2 Bg5 24.Qe1 f5 
25.Nd2 fxe4 26.Ncxe4 Rxf1+ 27.Nxf1 Rf8 28.Nxg5 
hxg5 29.Kh2 Qf7 30.Ne3 Qf4+ 31.Qg3 Qxg3+ 32.Kxg3 
Kh7 33.Re1 Bd7 34.Nd5 Kh6 35.c4 Rf7 36.Kh2 g4 
37.hxg4 Bxg4 38.Re8 Bf5 39.Re3 g6 40.Nc3 Kg5 
41.Nb5 Rh7+ 42.Kg1 Rd7 43.Nc3 a6 44.Nd5 b5 45.g3 
Rf7 46.Nc3 Bh3 47.Ne4+ Kg4 48.Nf2+ Rxf2 49.Kxf2 
Kg5 50.bxc5 dxc5 51.cxb5 axb5 52.Re5+ Bf5 53.Rxc5 
Kg4 54.d4 Bd3 55.d5 1-0

[Event "HCL-A2580"]
[Site "www.playchess.de"]
[Date "2006.02.11"]
[Round "2"]
[White "Kinslayer"]
[Black "adamcik"]
[WhiteElo "1723"]
[BlackElo "1498"]
[PlyCount "37"]
[Result "1-0"]

1.d4 d5 {Hello
}  2.Bf4 {dzien dobry}  Nf6 3.e3 e6 4.Nd2 Bd6 
5.Bg3 O-O 6.Ngf3 c5 7.c3 Nbd7 8.Bxd6 Re8 9.Bg3 b6 
10.Bd3 Bb7 11.O-O Rc8 12.Ne5 h6 13.Ndf3 cxd4 
14.exd4 Qe7 15.Nxd7 Nxd7 16.Ne5 Nxe5 17.Bxe5 Qg5 
18.Bg3 h5 19.Qf3 1-0

[Event "HCL-B3858"]
[Site "www.playchess.de"]
[Date "2006.02.11"]
[Round "12"]
[White "IRONMAIDEN"]
[Black "djpnola"]
[WhiteElo "1206"]
[BlackElo "1109"]
[PlyCount "103"]
[Result "1-0"]

1.e4 e5 2.Nf3 Nc6 3.Nc3 Nf6 4.d3 Bb4 5.Bd2 Bxc3 
6.Bxc3 O-O 7.Be2 d6 8.O-O Bg4 9.a3 Bxf3 10.Bxf3 
Qd7 11.b4 Nd4 12.Bb2 Qc6 13.c4 b5 14.Rc1 bxc4 
15.Rxc4 Qb7 16.Bxd4 exd4 17.Rxd4 Qb6 18.Qa1 c5 
19.bxc5 dxc5 20.Rc4 Rad8 21.Be2 Nd7 22.Rb1 Qc6 
23.a4 a5 24.Rb5 Rdb8 25.Rxa5 Rba8 26.Rxa8 Qxa8 
27.a5 Rc8 28.Bf3 Qa7 29.h3 Nb6 30.Rc2 f6 31.Rb2 
Ra8 32.Ra2 Nc8 33.e5 Rb8 34.a6 Nb6 35.Bb7 Kf7 
36.exf6 gxf6 37.Ra5 Na8 38.Qa2+ Kg6 39.Qa4 Nb6 
40.Qg4+ Kf7 41.Rxc5 Re8 42.Rc7+ Re7 43.Bd5+ Nxd5 
44.Rxa7 Rxa7 45.Qh5+ {this again will become a 
long one, I guess.}  Ke6 {Don't see how, what with 
your material advantage.}  46.Qe2+ {trust me...}  
Kf7 47.d4 Re7 48.Qc4 Re6 49.Qxd5 {well, you maybe 
right}  Ke7 {Never overestimate my playing 
ability.}  50.a7 {okay, but you improve by 
playing, I know.}  Rd6 51.Qb7+ Rd7 
52.a8Q 1-0

[Event "HCL-C3930"]
[Site "www.playchess.de"]
[Date "2006.02.11"]
[Round "9"]
[White "battlingknight"]
[Black "Bumble"]
[WhiteElo "800"]
[BlackElo "800"]
[PlyCount "58"]
[Result "0-1"]

1.e4 Nc6 2.d3 e5 3.Bd2 d6 4.Nf3 Be6 5.c4 Nh6 6.Nc3 
Qd7 7.a4 Be7 8.h4 O-O 9.Bxh6 gxh6 10.h5 b6 11.Qd2 
Nb4 12.Be2 a6 13.O-O f6 14.Nd1 Kh8 15.Qxb4 Bd8 
16.Ne3 Rg8 17.Nh4 Qg7 18.g3 Qg5 19.g4 Qxh4 20.f3 
Bd7 21.Qe1 Qh3 22.Qf2 Qxh5 23.Kg2 b5 24.Rfh1 Qg5 
25.Rh5 Qg6 26.Rah1 Rg7 27.R5xh6 Qg5 28.R1h5 Qf4 
29.Nd5 Qc1 0-1

[Event "HCL-C3988"]
[Site "www.playchess.de"]
[Date "2006.02.11"]
[Round "13"]
[White "Milosforman"]
[Black "Farquhart"]
[WhiteElo "1032"]
[BlackElo "393"]
[PlyCount "77"]
[Result "1-0"]

1.d4 d5 2.Nf3 e6 3.c3 Nf6 4.Bg5 h6 5.Bxf6 gxf6 
6.Nbd2 Rg8 7.e4 dxe4 8.Nxe4 f5 9.Ng3 Qd5 10.c4 
Qa5+ 11.Nd2 Nc6 12.Ne2 e5 13.d5 Nd4 14.Nxd4 Qc5 
15.N2b3 Qb4+ 16.Qd2 exd4 17.Nxd4 Qe7+ 18.Be2 Rxg2 
19.Nxf5 Bxf5 20.Qa5 b6 21.Qb5+ Bd7 22.Qb3 Bg7 
23.Qf3 Qb4+ 24.Kf1 Qxb2 25.Kxg2 h5 26.Qxh5 Qc3 
27.Rac1 Qe5 28.Qxe5+ Bxe5 29.Rce1 Bf5 30.Bh5 Ke7 
31.Rxe5+ Be6 32.dxe6 fxe6 33.Rhe1 Rg8+ 34.Kf1 Rd8 
35.R5xe6+ Kd7 36.R6e7+ Kd6 37.R1e6+ Kc5 38.Rxc7+ 
Kb4 39.Re4 1-0

[Event "HCL-A2581"]
[Site "www.playchess.de"]
[Date "2006.02.12"]
[Round "6"]
[White "victorabiodun03"]
[Black "Spotsychess"]
[WhiteElo "1357"]
[BlackElo "1448"]
[PlyCount "37"]
[Result "1-0"]

1.e4 e6 2.d3 b6 3.Nf3 Bb7 4.g3 Nf6 5.Bg2 Be7 
6.Nbd2 O-O 7.O-O d6 8.Re1 Nbd7 9.Nf1 e5 10.Ne3 Re8 
11.Nf5 Bc8 12.N3h4 Nf8 13.Qf3 Bxf5 14.Nxf5 Ng6 
15.h4 c5 16.h5 Nh8 17.g4 g6 18.Nxe7+ Qxe7 
19.Bg5 1-0

[Event "HCL-A2582"]
[Site "www.playchess.de"]
[Date "2006.02.12"]
[Round "10"]
[White "victorabiodun03"]
[Black "gridguy"]
[WhiteElo "1357"]
[BlackElo "1716"]
[PlyCount "75"]
[Result "1-0"]

1.e4 c5 2.Nf3 d6 3.d4 cxd4 4.Nxd4 Nf6 5.Nc3 a6 
6.Be2 g6 7.Be3 Bg7 8.O-O O-O 9.Nb3 Nc6 10.f4 b5 
11.Bf3 Rb8 12.a3 Bb7 13.g4 e6 14.g5 Ne8 15.Qd2 f5 
16.exf5 Rxf5 17.Bg4 Rf8 18.Bxe6+ Kh8 19.Bg4 Ne7 
20.Nd4 Nc7 21.Rad1 Bc8 22.Bxc8 Qxc8 23.Qg2 Nf5 
24.Nxf5 Qxf5 25.Rd3 Bxc3 26.Rxc3 Ne6 27.Rc6 Rbc8 
28.c3 Rxc6 29.Qxc6 d5 30.Qd6 Nxg5 31.Bd4+ Kg8 
32.Qe5 Nh3+ 33.Kg2 Qg4+ 34.Kh1 Qd7 35.Qh8+ Kf7 
36.Qxh7+ Ke8 37.Qxg6+ Kd8 38.Qb6+ 1-0

[Event "HCL-B3847"]
[Site "www.playchess.de"]
[Date "2006.02.12"]
[Round "13"]
[White "ChessMonster"]
[Black "evets"]
[WhiteElo "1500"]
[BlackElo "1392"]
[PlyCount "52"]
[Result "0-1"]

1.e4 e6 2.Nc3 d5 3.d4 Bb4 4.Bd3 Nc6 5.Nf3 Nf6 
6.O-O Bxc3 7.bxc3 dxe4 8.Bc4 exf3 9.Qxf3 O-O 
10.Qg3 Re8 11.Qf3 e5 12.Bd3 exd4 13.Bb2 dxc3 
14.Bxc3 Nd4 15.Qf4 Ne2+ 16.Bxe2 Rxe2 17.Bxf6 Qxf6 
18.Qd4 Qxd4 19.Rad1 Rd2 20.Rde1 Be6 21.h3 Rxc2 
22.Red1 {(offering draw)}  Rd2 23.a4 Rxd1 24.g3 
Rxf1+ 25.Kxf1 Bxh3+ 26.Ke1 Re8+ 0-1

[Event "HCL-C4127"]
[Site "www.playchess.de"]
[Date "2006.02.12"]
[Round "2"]
[White "spartan1"]
[Black "Tribun"]
[WhiteElo "912"]
[BlackElo "715"]
[PlyCount "43"]
[Result "1-0"]

1.e4 e5 2.d4 Nc6 3.d5 Nd4 4.Be3 Qh4 5.Bxd4 exd4 
6.Qxd4 d6 7.Nf3 Qh6 8.Bb5+ Bd7 9.Bxd7+ Kxd7 
10.Nbd2 Kd8 11.O-O-O c5 12.Qe3 Qf6 13.Qg5 Ne7 
{..pain..-don`t you look Super Bowl??}  14.Nc4 { 
may later, but it is not a great priority with me. 
I am not much on PRO sports.}  g6 {..oh-I think I 
have a look because I thaught it`s a American 
party and all people are going crazy for.}  
15.Qxf6 {It is practily a national holiday for a 
very large part of the country.}  Rg8 {and America 
is real big}  16.Nxd6 {Yes, and very much in love 
with pro football.}  Bh6+ 17.Kb1 Bg7 18.Qxf7 Kd7 
19.Qe6+ Kc7 20.Qxe7+ Kb6 21.Qxb7+ Ka5 
22.Qb5+ 1-0

[Event "HCL-A2565"]
[Site "www.playchess.de"]
[Date "2006.02.12"]
[Round "12"]
[White "SMLooking"]
[Black "carrillero"]
[WhiteElo "1460"]
[BlackElo "1604"]
[PlyCount "56"]
[Result "1-0"]

1.d4 {hi, gl}  Nf6 {Hi, suerte}  2.c4 g6 3.Nc3 d5 
4.Nf3 e6 5.Bg5 dxc4 6.e3 Be7 7.Bxc4 Nc6 8.O-O Nd5 
9.Bxe7 Ncxe7 10.Qb3 Nb6 11.Bb5+ c6 12.Bd3 Ned5 
13.e4 Nxc3 14.Qxc3 Qf6 15.e5 Qe7 16.Rad1 Nd5 
17.Qd2 Bd7 18.Be4 O-O-O 19.Qa5 Kb8 20.Bxd5 exd5 
21.Rfe1 Bg4 22.Rd3 b6 23.Qa6 f6 24.exf6 Qxf6 
25.Ne5 Bc8 26.Qa4 Bb7 27.Rf3 Qe6 28.Rf7 
Rd6 1-0

[Event "ACL-A656"]
[Site "www.playchess.de"]
[Date "2006.02.12"]
[Round "4"]
[White "PrinceKheldar"]
[Black "birdflu"]
[WhiteElo "1868"]
[BlackElo "1520"]
[PlyCount "56"]
[Result "0-1"]

1.e4 c5 {good game}  2.Nf3 d6 3.Bb5+ Nd7 4.d4 Ngf6 
5.Nc3 a6 6.Bxd7+ Nxd7 7.O-O e6 8.Bg5 Qc7 9.dxc5 
Nxc5 10.a4 b6 11.Qd4 f6 12.Be3 Be7 13.Rfd1 O-O 
14.Qc4 Bd7 15.Nd4 Rfc8 16.Nf5 Bf8 17.Bxc5 Ra7 
18.Rd2 bxc5 19.Rad1 Rb8 20.Nxd6 Rxb2 21.Qe2 Rb4 
22.Qe3 Bxa4 23.e5 Rd4 24.Nxa4 fxe5 25.Ne4 Rxa4 
26.Ng5 Qe7 27.Qxe5 Qf6 28.Qxf6 
gxf6 0-1

[Event "HCL-A2454"]
[Site "www.playchess.de"]
[Date "2006.02.12"]
[Round "20"]
[White "tiit145"]
[Black "Phil_Ottis"]
[WhiteElo "1554"]
[BlackElo "1381"]
[PlyCount "74"]
[Result "0-1"]

1.e4 {Hello!}  e5 {Good luck from Salt lake City}  
2.Nf3 {Hello!Greetings from Tallinn ,good 
luck.Tiit}  Nc6 {Hi from park City utah.}  3.Bc4 
Nf6 4.d3 Ng4 5.O-O Qf6 6.h3 Nh6 7.g4 Nd4 8.Ne1 b5 
9.c3 bxc4 10.cxd4 exd4 11.g5 Qg6 12.Kh1 Ng8 13.Rg1 
Qe6 14.Rg3 Bd6 15.f4 Bb7 16.Kg2 {Hello!Happy New 
Year! Tiit}  cxd3 {Thanks! You too}  17.Nd2 Bxf4 
18.Rxd3 Bxd2 19.Nf3 Ba5 20.Rxd4 Bb6 21.Rb4 Bxe4 
22.Bf4 Ne7 23.Qe2 Bc6 24.Re1 Ba5 25.Qf2 Bxb4 
26.Rxe6 fxe6 27.Kg1 O-O 28.Qd4 Nd5 29.h4 Rxf4 
30.Qe5 Rxf3 31.Qe4 Raf8 32.h5 Bd6 33.g6 R3f1+ 
34.Kg2 Ne3+ 35.Kh3 Bxe4 36.gxh7+ Kxh7 37.a3 Rh1+ 
{Thanks for the game. I look forward to seeing you 
again.}  0-1

[Event "ACL-T171"]
[Site "www.playchess.de"]
[Date "2006.02.12"]
[Round "4"]
[White "Kimura"]
[Black "Chascarrillo"]
[WhiteElo "1856"]
[BlackElo "2133"]
[PlyCount "42"]
[Result "0-1"]

1.e4 e5 2.Nf3 Nc6 3.Bb5 f5 4.d4 fxe4 5.Nxe5 Nxe5 
6.dxe5 c6 7.e6 cxb5 8.Qh5+ g6 9.exd7+ Qxd7 10.Qe5+ 
Kf7 11.Qxh8 Nf6 12.Bg5 Bg7 13.Bxf6 Bxh8 14.Bxh8 
Qd8 15.Bc3 Qg5 16.Nd2 e3 17.Nf3 Qxg2 18.Ne5+ Kg8 
19.O-O-O Bf5 20.Nd3 Bxd3 21.cxd3 
exf2 0-1

[Event "HCL-M856"]
[Site "www.playchess.de"]
[Date "2006.02.12"]
[Round "1"]
[White "c4estlavie"]
[Black "Kimura"]
[WhiteElo "1876"]
[BlackElo "1860"]
[PlyCount "51"]
[Result "1/2-1/2"]

1.e4 e5 2.Nf3 Nc6 3.Nc3 Nf6 4.d4 exd4 5.Nxd4 Bb4 
6.Nxc6 bxc6 7.Bd3 O-O 8.O-O Bxc3 9.bxc3 d5 10.exd5 
cxd5 11.Bg5 h6 12.Bxf6 Qxf6 13.Qd2 Rb8 14.Rab1 Rb6 
15.Rxb6 axb6 16.Re1 Be6 17.a3 Ra8 18.Ra1 Ra5 
19.Qe3 Kf8 20.Qd4 Qxd4 21.cxd4 Ke7 22.Kf1 Kd6 
23.Ke2 c5 24.c3 Bc8 25.Ke3 Ba6 26.Bxa6 {(offering 
draw)}  1/2-1/2

[Event "HCL-C4027"]
[Site "www.playchess.de"]
[Date "2006.02.12"]
[Round "4"]
[White "Farquhart"]
[Black "longino"]
[WhiteElo "420"]
[BlackElo "1142"]
[PlyCount "66"]
[Result "0-1"]

1.e4 c5 2.d3 e6 3.Nc3 d6 4.d4 cxd4 5.Qxd4 Nc6 
6.Qd1 g6 7.Nf3 Bg7 8.Ng5 Bh6 9.Nf3 Bg7 10.Nb5 d5 
11.Bg5 Nge7 12.Bxe7 Qxe7 13.a4 dxe4 14.Nd2 Bxb2 
15.Rb1 Bg7 16.Qg4 a6 17.Nc3 Bxc3 18.Qg3 Qc5 19.h4 
Bxd2+ 20.Kxd2 Nb4 21.Qf4 Qxc2+ 22.Ke1 Qxb1+ 23.Ke2 
O-O 24.h5 Qb2+ 25.Ke1 Nd3+ 26.Bxd3 Qa1+ 27.Ke2 
Qxh1 28.Qxe4 Qxh5+ 29.f3 Qd5 30.Qb4 b5 31.axb5 
axb5 32.Be4 Ra2+ 33.Ke3 Qc4 0-1

[Event "HCL-C4016"]
[Site "www.playchess.de"]
[Date "2006.02.12"]
[Round "31"]
[White "Mercator"]
[Black "valpa"]
[WhiteElo "1042"]
[BlackElo "1034"]
[PlyCount "50"]
[Result "0-1"]

1.d4 {Nice game to you!}  d5 2.c4 e5 3.cxd5 Qxd5 
4.Nc3 Qxd4 5.Qxd4 exd4 6.Ne4 Bb4+ 7.Bd2 Bxd2+ 
8.Nxd2 Nf6 9.Ngf3 c5 10.g3 O-O 11.Bg2 Nc6 12.O-O 
Rb8 13.Rac1 b6 14.a3 Re8 15.Rfe1 Ne5 16.Nxe5 Rxe5 
17.Nc4 Re7 18.Rc2 Bb7 19.Rec1 Bxg2 20.Kxg2 Rd8 
21.b4 cxb4 22.axb4 g6 23.Nd2 Rxe2 24.R2c8 Ree8 
25.R1c7 Rdxc8 0-1

[Event "HCL-C4030"]
[Site "www.playchess.de"]
[Date "2006.02.12"]
[Round "8"]
[White "Ironside"]
[Black "pera"]
[WhiteElo "950"]
[BlackElo "940"]
[PlyCount "48"]
[Result "0-1"]

1.d3 e5 2.e4 d5 3.f4 Nc6 4.Nc3 Bb4 5.Bd2 Bxc3 
6.Bxc3 f6 7.f5 Nd4 8.Bxd4 exd4 9.Qf3 c6 10.Qh5+ 
Ke7 11.O-O-O Nh6 12.Nf3 Qa5 13.Kb1 Bd7 14.g4 dxe4 
15.dxe4 c5 16.Bd3 b5 17.g5 Nf7 18.g6 hxg6 19.Qxg6 
c4 20.Be2 c3 21.b3 Rag8 22.Rxd4 Rh6 23.Qg3 Qa3 
24.Rhd1 Qb2+ 0-1

[Event "HCL-C4016"]
[Site "www.playchess.de"]
[Date "2006.02.12"]
[Round "2"]
[White "valpa"]
[Black "Idris"]
[WhiteElo "1034"]
[BlackElo "880"]
[PlyCount "55"]
[Result "1-0"]

1.b4 {Hi}  e5 {Hi}  2.Bb2 d6 3.e3 Nf6 4.Nf3 Be7 
5.Be2 Be6 6.O-O d5 7.b5 e4 8.Nd4 Bd7 9.a4 a5 10.d3 
c5 11.Nb3 b6 12.dxe4 dxe4 13.N1d2 Bd6 14.g3 Bh3 
15.Re1 Qd7 16.f3 Qc7 17.f4 Nbd7 18.Bf1 O-O 19.Bxh3 
Rae8 20.Bxd7 Qxd7 21.Nc4 Qh3 22.Nxd6 Ng4 23.Qe2 
Red8 24.Nxe4 Rfe8 25.Ng5 Qh6 26.Qxg4 Qd6 27.Ne6 
fxe6 28.Qxg7+ 1-0

[Event "HCL-B3843"]
[Site "www.playchess.de"]
[Date "2006.02.12"]
[Round "2"]
[White "Skipper_Robert"]
[Black "mothball"]
[WhiteElo "1023"]
[BlackElo "1318"]
[PlyCount "66"]
[Result "0-1"]

1.e4 {Hallo!}  c5 {have a good game}  2.d3 Nc6 
3.Be3 e6 4.Nf3 d5 5.e5 d4 6.Bd2 Nge7 7.c3 Nf5 8.g4 
Nh4 9.Ng5 Nxe5 10.f4 Qd5 11.Rg1 Nef3+ 12.Nxf3 
Nxf3+ 13.Kf2 Nxg1 14.Kxg1 h6 15.c4 Qd8 16.Bg2 Rb8 
17.Qe1 Bd6 18.Be4 g5 19.Qf2 Qf6 20.f5 e5 21.Na3 a6 
22.Nc2 b5 23.b3 bxc4 24.dxc4 h5 25.h4 Bb7 26.Qf3 
hxg4 27.Qg2 Bxe4 28.Qxe4 Rxh4 29.Qc6+ Ke7 30.Qxa6 
Qxf5 31.Na3 g3 32.Be1 Qf3 33.Qa7+ 
Ke6 0-1

[Event "HCL-B3878"]
[Site "www.playchess.de"]
[Date "2006.02.12"]
[Round "10"]
[White "dg"]
[Black "IRONMAIDEN"]
[WhiteElo "1187"]
[BlackElo "1185"]
[PlyCount "97"]
[Result "1-0"]

1.e4 e5 2.Nf3 Nc6 3.Bb5 Bd6 4.Bxc6 dxc6 5.h3 Nf6 
6.d3 O-O 7.g4 a6 8.g5 Nd7 9.h4 f6 10.Nc3 Nb6 
11.Nh2 f5 12.Be3 Qe8 13.h5 f4 14.Bd2 Qe7 15.Nf3 
Be6 16.h6 g6 17.Qe2 c5 18.O-O-O c6 19.Kb1 Nd7 
20.a3 b5 21.Na2 a5 22.Rh2 a4 23.Re1 Qf7 24.Nc1 b4 
25.axb4 cxb4 26.d4 exd4 27.Nxd4 Bc4 28.Qf3 Ne5 
29.Qh3 c5 30.Nde2 Be6 31.Qf1 c4 32.Nd4 c3 33.bxc3 
bxc3 34.Bxc3 Rfb8+ 35.Ka1 Bc4 36.Qg2 Qb7 37.Nce2 
Bxe2 38.Nxe2 a3 39.Ka2 Nc4 40.Rhh1 Qc6 41.Reb1 
Rb2+ 42.Ka1 Rxc2 43.Nd4 Qa4 44.Nxc2 Qxc2 45.Rhc1 
Qd3 46.e5 Rb8 47.Rxb8+ Bxb8 48.Qb7 a2 
49.Qg7+ 1-0

[Event "HCL-E1541"]
[Site "www.playchess.de"]
[Date "2006.02.12"]
[Round "7"]
[White "XANDERKIRV"]
[Black "player_reh"]
[WhiteElo "1499"]
[BlackElo "1442"]
[PlyCount "81"]
[Result "1-0"]

1.e4 {Hello and good luck.}  Nc6 {hello, you, too} 
 2.c3 a6 3.d4 d5 4.e5 g6 5.h3 e6 6.Nf3 Bh6 7.Bxh6 
Nxh6 8.Bd3 Bd7 9.Qc1 Ng8 10.Qf4 h6 11.Nh4 g5 
12.Qg4 h5 13.Qg3 Qe7 14.Nf3 O-O-O 15.Qxg5 f6 
16.exf6 Nxf6 17.Nbd2 Rdg8 18.Qe3 Be8 19.Rg1 Nd7 
20.O-O-O Bg6 21.Qe2 Bxd3 22.Qxd3 h4 23.Rde1 Rh6 
24.g4 hxg3 25.Rxg3 Rxg3 26.fxg3 Rxh3 27.g4 e5 
28.Qf5 e4 29.Qxd5 Nf6 30.Qf5+ Kb8 31.Nxe4 Nxe4 
32.Rxe4 Qd8 33.g5 Rh8 34.Ne5 Nxe5 35.Rxe5 Rf8 
36.Qe4 Rf1+ 37.Kd2 Rg1 38.Re8 Rg2+ 39.Ke1 Qxe8 
40.Qxe8+ Ka7 41.g6 1-0